000
00213nam a22001097a 4500
082
_a
510KOV
100
_a
Kovacic
245
_a
Mathematics
260
_a
Boston
_b
Prentice Hall
_c
1978
300
_a
644
942
_c
BK
999
_c
12525
_d
12525